01120nam a2200265 a 450000100060000000300080000600500170001400800410003102000150007203500190008704000350010604100080014108200260014911100500017524501890022526000790041430000330049350400490052665000350057565000370061070000330064794200120068099900170069295201450070966467BD-RjUL20211209081539.0920603s1977 njua b 101 0 eng d a0470991208 a(BD-RjUL)66597 aBD-RjULbengcBD-RjULdBD-RjUL aeng 223a153.733bATT 19772 aAttention and Performance (Symposium)919670610aAttention and performance VI :bproceedings of the sixth International Symposium on Attention and Performance, Stockholm, Sweden, July 28-August 1, 1975 /cedited by Stanislav Dornič aHillsdale, N.J :bErlbaum ;aLondon :bHalsted Press [distributor],c1977. axx, 777 p. :bill. ;c24 cm. aIncludes bibliographic references and index. 0aAttentionxCongresses.9196707 0aPerformancexCongresses.91967081 aDornič, Stanislav.9196709 2ddccBK c66467d66467 00102ddc40718NFICaRUCLbRUCLcReadingd1984-08-15eAsia Foundationg0.00l0o153.733 ATT 1977r2017-03-16 00:00:00tC-1w2021-12-09yBK